Hacia una nueva visión de la frontera y de las relaciones fronterizas / (Registro nro. 14301)

Detalles MARC
000 -LEADER
fixed length control field 01297nam a2200325 a 4500
001 - CONTROL NUMBER
control field
003 - CONTROL NUMBER IDENTIFIER
control field DO-SdBNP
005 - DATE AND TIME OF LATEST TRANSACTION
control field 20221006122224.0
008 - FIXED-LENGTH DATA ELEMENTS--GENERAL INFORMATION
fixed length control field 090703s2002 dr 001 0 spa d
020 ## - INTERNATIONAL STANDARD BOOK NUMBER
International Standard Book Number 9993461113
040 ## - CATALOGING SOURCE
Original cataloging agency DO-SdBNP
Language of cataloging spa
Transcribing agency BPMSU
082 ## - DEWEY DECIMAL CLASSIFICATION NUMBER
Classification number 327.7293
Item number S471h 2002
Edition number 22
111 2# - MAIN ENTRY--MEETING NAME
Meeting name or jurisdiction name as entry element Seminario Internacional Hacia una Nueva Visión de la Frontera y de las Relaciones Fronterizas (
Location of meeting Santo Domingo :
Date of a work 2001)
245 10 - TITLE STATEMENT
Title Hacia una nueva visión de la frontera y de las relaciones fronterizas /
Statement of responsibility, etc. coordinadores Rubén Silié, Carlos Segura.
260 ## - PUBLICATION, DISTRIBUTION, ETC. (IMPRINT)
Place of publication, distribution, etc. Santo Domingo :
Name of publisher, distributor, etc. FLACSO,
Date of publication, distribution, etc. 2002.
300 ## - PHYSICAL DESCRIPTION
Extent 325 p. ;
Dimensions 22 cm.
500 ## - GENERAL NOTE
General note Incluye índice
500 ## - GENERAL NOTE
General note Incluye referencias bibliográficas y notas al pie de las páginas
590 ## - LOCAL NOTE (RLIN)
Local note Inventariado, 2022/VM
650 #4 - SUBJECT ADDED ENTRY--TOPICAL TERM
Topical term or geographic name as entry element Emigración e inmigración
651 #4 - SUBJECT ADDED ENTRY--GEOGRAPHIC NAME
Geographic name América Latina
General subdivision Relaciones exteriores
-- Congresos, conferencias, etc.
651 #4 - SUBJECT ADDED ENTRY--GEOGRAPHIC NAME
Geographic name América Latina
General subdivision Límites
-- Congresos, conferencias, etc.
651 #4 - SUBJECT ADDED ENTRY--GEOGRAPHIC NAME
Geographic name República Dominicana
General subdivision Límites
Geographic subdivision Haití
General subdivision Congresos, onferencias, etc.
700 #2 - ADDED ENTRY--PERSONAL NAME
Personal name Silié, Rubén
Dates associated with a name 1946-
Relator term ed.
700 1# - ADDED ENTRY--PERSONAL NAME
Personal name Segura, Carlos,
Relator term ed.
700 1# - ADDED ENTRY--PERSONAL NAME
Personal name Silié Valdez, Rubén,
Dates associated with a name 1946-
710 2# - ADDED ENTRY--CORPORATE NAME
Corporate name or jurisdiction name as entry element FLACSO, (República Dominicana)
910 ## - USER-OPTION DATA (OCLC)
User-option data VMateo V./Validado.
942 ## - ADDED ENTRY ELEMENTS (KOHA)
Source of classification or shelving scheme Dewey Decimal Classification
Koha item type Libros
Existencias
Withdrawn status Lost status Source of classification or shelving scheme Damaged status Not for loan Collection code Home library Current library Date acquired Source of acquisition Total Checkouts Full call number Barcode Date last seen Price effective from Koha item type Copy number
    Dewey Decimal Classification     Colección Dominicana Biblioteca Pública Metropolitana Salomé Ureña Biblioteca Pública Metropolitana Salomé Ureña 10/06/2022 FLASCSO   BPMSU CD 327.7293 S471h 2002 BPMSU22100033 10/06/2022 10/06/2022 Libros  
    Dewey Decimal Classification     Colección Dominicana Biblioteca Pública Metropolitana Salomé Ureña Biblioteca Pública Metropolitana Salomé Ureña 10/06/2022 FLASCSO   BPMSU CD 327.7293 S471h 2002 BPMSU22100034 10/06/2022 10/06/2022 Libros e.2
    Dewey Decimal Classification     Colección Dominicana Biblioteca Pública Metropolitana Salomé Ureña Biblioteca Pública Metropolitana Salomé Ureña 10/06/2022 FLASCSO   BPMSU CD 327.7293 S471h 2002 BPMSU22100035 10/06/2022 10/06/2022 Libros e.3